Plant resources of South-East Asia : pulses
Uloženo v:
| Médium: | Kniha |
|---|---|
| Jazyk: | Undetermined |
| Vydáno: |
Indonesia
Prosea Foundation
1992
|
| Témata: | |
| Tagy: |
Přidat tag
Žádné tagy, Buďte první, kdo otaguje tento záznam!
|
| Thư viện lưu trữ: | Trung tâm Học liệu Trường Đại học Cần Thơ |
|---|
| LEADER | 00435nam a2200169Ia 4500 | ||
|---|---|---|---|
| 001 | CTU_38784 | ||
| 008 | 210402s9999 xx 000 0 und d | ||
| 082 | |a 635.65 | ||
| 082 | |b P966/No.1 | ||
| 245 | 0 | |a Plant resources of South-East Asia : | |
| 245 | 0 | |b pulses | |
| 260 | |a Indonesia | ||
| 260 | |b Prosea Foundation | ||
| 260 | |c 1992 | ||
| 650 | |a Beans | ||
| 904 | |i Liên | ||
| 980 | |a Trung tâm Học liệu Trường Đại học Cần Thơ | ||